Statistiques concernant Culture Générale - Série 1151

Cliquez ici pour prendre le quiz!

Statistiques générales

  • Ce quiz a été pris 34 fois
  • Le résultat moyen est 6 sur 10

Statistiques - réponses

Question Réponse % Correct
Selon l'expression, de quelle couleur sont les éléphants qu'on est censé voir, en étant ivre ?roses
94%
Quelle est la couleur de la fleur de moutarde ?jaune
94%
A quelle région d'Espagne Francis Cabrel fait-il référence dans sa chanson "La Corrida" ?Andalousie
85%
En 1969, à quel auteur-compositeur-interprète doit-on la chanson "Le Métèque" ?Georges Moustaki
82%
La cellulite est familièrement appelée "peau...d'orange
79%
En quelle année a eu lieu l'explosion du réacteur de la centrale nucléaire de Tchernobyl ?1986
76%
Quel géant de la mythologie grecque a donné son nom à la première vertèbre cervicale de l'homme ?Atlas
45%
Quel super-héroïne de bande dessinée habite Paradise Island ?Wonder Woman
36%
Quel joueur de tennis français, prénommé Henri, est cinq fois victorieux à Roland-Garros, entre 1922 et 1932 ?Henri Cochet
12%
Quel nom donne-t-on aux trajets énergétiques, sur lesquels se situent les points d'acupuncture ?méridiens
9%

Distribution des résultats

Percentile par nombre de réponses

% des personnes avec chaque résultat

Votre développement - résultats

Vous n’avez pas pris ce quiz